[Event "Sparkassen-Open A"]
[Site "Heusenstamm, Martinsee"]
[Date "2021.11.19"]
[Round "3.24"]
[White "Lohr, Matthias"]
[Black "Stork, Christopher"]
[Result "1-0"]
[WhiteElo "2063"]
[BlackElo "1959"]
[PlyCount "83"]
[EventDate "2021.??.??"]
[WhiteTeam "TSV Schott Mainz"]
[BlackTeam "SV Oberursel"]

1. e4 c5 2. Nf3 a6 3. c3 e6 4. d4 d5 5. exd5 exd5 6. Bd3 Nf6 7. O-O Be7 8. dxc5
O-O 9. b4 Bg4 10. h3 Bh5 11. Nbd2 Nc6 12. Bb2 Qc7 13. Qb3 Rad8 14. Rfe1 Rfe8
15. Re3 Bg6 16. Bxg6 hxg6 17. Rae1 b6 18. cxb6 Qxb6 19. a3 Kf8 20. Nd4 Nxd4 21.
cxd4 Bd6 22. Rxe8+ Rxe8 23. Rxe8+ Kxe8 24. Qe3+ Kf8 25. Nb3 Qc7 26. Nc5 Qc8 27.
Qd3 a5 28. bxa5 Bxc5 29. dxc5 Qxc5 30. a6 Qa5 31. Bd4 Ne8 32. a7 Nc7 33. Qb3
Kg8 34. Qb8+ Kh7 35. Bb6 Qe1+ 36. Kh2 Na6 37. Qd8 Qe5+ 38. g3 g5 39. a8=Q Qe2
40. Qxg5 Nc7 41. Qf8 Ne6 42. Qf5+ 1-0

[Event "Sparkassen-Open A"]
[Site "Heusenstamm, Martinsee"]
[Date "2021.11.19"]
[Round "3.25"]
[White "van den Hoff, Damian"]
[Black "Adocchio, Giampiero"]
[Result "1/2-1/2"]
[WhiteElo "1879"]
[BlackElo "2168"]
[PlyCount "96"]
[EventDate "2021.??.??"]
[WhiteTeam "VL Niederlande"]
[BlackTeam "Mosbacher SC"]

1. e4 e6 2. d4 d5 3. e5 c5 4. c3 Nc6 5. Nf3 Bd7 6. Bd3 Rc8 7. a3 cxd4 8. cxd4
Qb6 9. Bc2 g5 10. h3 Nxd4 11. Nxd4 Bc5 12. Be3 Qxb2 13. O-O Bxd4 14. Qxd4 Qxd4
15. Bxd4 Rxc2 16. Bxa7 Ne7 17. Be3 Nf5 18. Bxg5 Rg8 19. Rc1 Nd4 20. Rxc2 Nxc2
21. Ra2 Rxg5 22. Rxc2 Rxe5 23. Nd2 Re1+ 24. Kh2 Ra1 25. Rb2 Bc6 26. Nb1 d4 27.
f3 Bd5 28. Kg3 Ra2 29. Rb4 d3 30. Nc3 d2 31. Rd4 Rxa3 32. Nxd5 exd5 33. Rxd2
Ra5 34. Rb2 b5 35. Kf4 f6 36. Kf5 Ke7 37. g4 Ra3 38. f4 Rxh3 39. Rxb5 h5 40.
Rxd5 hxg4 41. Kxg4 Rh1 42. Ra5 Kf7 43. Ra8 Kg6 44. f5+ Kg7 45. Ra7+ Kh6 46. Rf7
Rg1+ 47. Kf4 Rf1+ 48. Kg4 Rg1+ 1/2-1/2

[Event "Sparkassen-Open A"]
[Site "Heusenstamm, Martinsee"]
[Date "2021.11.19"]
[Round "3.26"]
[White "Cofmann, Veaceslav"]
[Black "Kürschner, Matthias"]
[Result "1-0"]
[WhiteElo "2288"]
[BlackElo "1978"]
[PlyCount "223"]
[EventDate "2021.??.??"]
[WhiteTeam "SC Eppingen"]
[BlackTeam "SK Langen"]

1. d4 d5 2. c4 dxc4 3. Nf3 Nf6 4. e3 e6 5. Bxc4 a6 6. Be2 c5 7. O-O Nc6 8. dxc5
Qxd1 9. Rxd1 Bxc5 10. Nbd2 O-O 11. Nb3 Ba7 12. Bd2 Ne4 13. Be1 e5 14. Na5 Nxa5
15. Bxa5 f6 16. Rac1 Be6 17. Bc4 Bxc4 18. Rxc4 Nc5 19. Bb4 b6 20. Bxc5 bxc5 21.
Ra4 Rfd8 22. Rxd8+ Rxd8 23. Kf1 Rd6 24. Ke2 Kf7 25. Nd2 f5 26. Nc4 Re6 27. Ra3
e4 28. Rc3 Kf6 29. Rc2 g6 30. Rd2 Ke7 31. Rd5 Rc6 32. h4 Rf6 33. g3 Rc6 34. Kd2
Bb6 35. Kc3 Bc7 36. b3 Ke6 37. Rd1 Be5+ 38. Kc2 Bf6 39. a4 h5 40. Rd2 Ke7 41.
Kd1 Ke6 42. Ke2 Ke7 43. Rc2 Kd7 44. Kf1 Kc7 45. Na5 Rb6 46. Rxc5+ Kd7 47. Ke2
Be7 48. Rc1 Bb4 49. Nc4 Re6 50. Rd1+ Kc7 51. Rd5 Kc6 52. Rd8 Kc7 53. Rg8 Bc3
54. Ra8 Kb7 55. Rd8 Kc6 56. Rc8+ Kb7 57. Nd6+ Rxd6 58. Rxc3 a5 59. Rc5 Ka6 60.
Rb5 Rc6 61. Rb8 Ka7 62. Rg8 Kb6 63. Kd2 Kb7 64. Rg7+ Kb6 65. Kd1 Ka6 66. Rd7
Kb6 67. Kd2 Ka6 68. Rd4 Kb6 69. Kd1 Ka6 70. Rd2 Kb6 71. Rc2 Rd6+ 72. Kc1 Rd8
73. Kb2 Rd6 74. b4 axb4 75. Kb3 Ka5 76. Rc5+ Kb6 77. Kxb4 Rd2 78. a5+ Kb7 79.
Re5 Rxf2 80. Kb5 Rb2+ 81. Kc5 Rb3 82. Re6 Rxe3 83. Rxg6 Rd3 84. Kc4 Rd8 85. Rf6
Re8 86. Rxf5 e3 87. Rf1 e2 88. Re1 Re3 89. Kd4 Rxg3 90. Rxe2 Rh3 91. Re4 Ka6
92. Ke5 Ra3 93. Kf6 Rxa5 94. Rb4 Rd5 95. Kg6 Rc5 96. Rb8 Ka7 97. Rh8 Kb7 98.
Rxh5 Rc6+ 99. Kf7 Rc7+ 100. Ke6 Rc6+ 101. Kd5 Kb6 102. Re5 Rc5+ 103. Ke6 Rc1
104. h5 Kc6 105. Kf7 Kd6 106. Re6+ Kd7 107. h6 Rf1+ 108. Rf6 Rh1 109. Kg7 Ke7
110. Rg6 Rf1 111. h7 Rf7+ 112. Kh6 1-0

[Event "Sparkassen-Open A"]
[Site "Heusenstamm, Martinsee"]
[Date "2021.11.19"]
[Round "3.27"]
[White "Laux, Dominik"]
[Black "Syed, Tareq"]
[Result "1-0"]
[WhiteElo "2205"]
[BlackElo "1974"]
[PlyCount "55"]
[EventDate "2021.??.??"]
[WhiteTeam "SV Hofheim"]
[BlackTeam "SV Diag.Harburg"]

1. e4 d6 2. Nc3 e5 3. Bc4 Nf6 4. d3 Be7 5. f4 O-O 6. Nf3 Nbd7 7. O-O c6 8. Kh1
exf4 9. Bxf4 b5 10. Bb3 Nc5 11. Ne2 a5 12. Nfd4 Ra6 13. c3 Nxb3 14. axb3 Nh5
15. Be3 g6 16. Qd2 Bd7 17. Bh6 Ng7 18. Nf3 f6 19. d4 a4 20. Nf4 Qc8 21. bxa4
bxa4 22. Qe2 Qb7 23. Qc4+ Kh8 24. Rxa4 Rxa4 25. Qxa4 Qxb2 26. Qa7 Qb5 27. c4
Qxc4 28. Nd2 1-0

[Event "Sparkassen-Open A"]
[Site "Heusenstamm, Martinsee"]
[Date "2021.11.19"]
[Round "3.28"]
[White "Kleibel, Uwe"]
[Black "Niebler, Paul"]
[Result "1-0"]
[WhiteElo "2149"]
[BlackElo "1956"]
[PlyCount "57"]
[EventDate "2021.??.??"]
[WhiteTeam "SC Bavaria Regensburg von 1881"]
[BlackTeam "VL Frankfurt"]

1. d4 Nf6 2. c4 g6 3. Nc3 Bg7 4. e4 d6 5. Nf3 O-O 6. Be2 e5 7. Be3 Nc6 8. d5
Ne7 9. Nd2 Ne8 10. c5 f5 11. f3 f4 12. Bf2 g5 13. Nc4 h5 14. Qb3 g4 15. O-O-O
b6 16. cxd6 Nxd6 17. Kb1 a5 18. Nxd6 Qxd6 19. Nb5 Qb4 20. Qxb4 axb4 21. Nxc7
Rb8 22. Be1 b3 23. axb3 Bd7 24. Bb4 Kf7 25. Ne6 Bxe6 26. dxe6+ Kxe6 27. Bc4+
Kf6 28. Rd6+ Kg5 29. Rd7 1-0

[Event "Sparkassen-Open A"]
[Site "Heusenstamm, Martinsee"]
[Date "2021.11.19"]
[Round "3.29"]
[White "Diez, Gerhard"]
[Black "Haack, Kevin"]
[Result "1/2-1/2"]
[WhiteElo "1986"]
[BlackElo "2100"]
[PlyCount "125"]
[EventDate "2021.??.??"]
[WhiteTeam "SC Bad Nauheim"]
[BlackTeam "SV Hofheim"]

1. e4 c6 2. d4 d5 3. Nd2 dxe4 4. Nxe4 Bf5 5. Ng3 Bg6 6. h4 h6 7. Nf3 Nd7 8. h5
Bh7 9. Bd3 Bxd3 10. Qxd3 e6 11. Bd2 Ngf6 12. O-O-O Be7 13. Qe2 O-O 14. Kb1 Qc7
15. Ne5 Rfd8 16. Rhe1 Nxe5 17. dxe5 Nd5 18. c4 Nb4 19. Be3 a5 20. Ne4 Rxd1+ 21.
Rxd1 Rd8 22. a3 Na6 23. Rxd8+ Qxd8 24. Qd2 Qxd2 25. Bxd2 Nc5 26. Nxc5 Bxc5 27.
Bxa5 Bxf2 28. Bc3 Bg3 29. a4 g6 30. Kc2 gxh5 31. Kd3 c5 32. Ke4 Kf8 33. Bd2 Bf2
34. Bxh6+ Ke7 35. Bg5+ Ke8 36. Bd2 Ke7 37. Bc3 Bh4 38. b4 cxb4 39. Bxb4+ Kd7
40. Bc3 Bf2 41. Bd4 Bh4 42. Kf4 Be7 43. Ke4 Kc6 44. Kd3 Bb4 45. Bf2 Ba5 46. Be3
Bc7 47. Bd4 Bd8 48. Kc3 Be7 49. Kd3 b6 50. Bc3 Ba3 51. Bd4 Bc5 52. Bc3 Bf2 53.
Bb2 Bh4 54. Bd4 Bd8 55. Bb2 Be7 56. Bc3 Kc5 57. Bd4+ Kb4 58. Bxb6 Kxa4 59. Bc7
Bh4 60. Bb6 Kb4 61. Bd4 Bg3 62. Bc3+ Kc5 63. Bd4+ 1/2-1/2

[Event "Sparkassen-Open A"]
[Site "Heusenstamm, Martinsee"]
[Date "2021.11.19"]
[Round "3.30"]
[White "Ungurean, Florin-Ioan"]
[Black "Schreiner, Roland"]
[Result "1-0"]
[WhiteElo "1970"]
[BlackElo "2104"]
[PlyCount "43"]
[EventDate "2021.??.??"]
[WhiteTeam "Wiesbadener SV"]
[BlackTeam "SC Heusenstamm"]

1. d4 d5 2. Nf3 Nf6 3. Bf4 e6 4. e3 c5 5. c3 Nc6 6. Nbd2 Be7 7. h3 Bd7 8. Bd3
Qb6 9. Rb1 a5 10. O-O O-O 11. Qe2 Nh5 12. Bh2 f5 13. Ne5 Nf6 14. Kh1 Be8 15. f3
Nd7 16. Nxd7 Bxd7 17. dxc5 Bxc5 18. e4 fxe4 19. fxe4 Rxf1+ 20. Rxf1 Qxb2 21.
exd5 Qxc3 22. Ne4 1-0

[Event "Sparkassen-Open A"]
[Site "Heusenstamm, Martinsee"]
[Date "2021.11.19"]
[Round "3.31"]
[White "Kempe, Caius Emilian"]
[Black "Gebhardt, Ulrich"]
[Result "1/2-1/2"]
[WhiteElo "1975"]
[BlackElo "2093"]
[PlyCount "64"]
[EventDate "2021.??.??"]
[WhiteTeam "USV TU Dresden"]
[BlackTeam "SK Ettlingen"]

1. d4 Nf6 2. c4 e6 3. Nf3 d5 4. cxd5 exd5 5. Bg5 c6 6. Qc2 Be7 7. e3 O-O 8. Bd3
Nbd7 9. Nc3 Re8 10. O-O Nf8 11. Rab1 a5 12. a3 g6 13. b4 axb4 14. axb4 Ne6 15.
Bh4 Ng7 16. b5 Bf5 17. Bg3 Bxd3 18. Qxd3 Nf5 19. bxc6 bxc6 20. Ne5 Rc8 21. Qa6
Nxg3 22. hxg3 c5 23. Nc6 Qd7 24. Nxe7+ Qxe7 25. Rb7 Qd8 26. dxc5 Rxc5 27. Nb5
Rc2 28. Nd4 Rd2 29. Qa7 Rf8 30. Re7 Ra2 31. Qxa2 Qxe7 32. Rd1 Rc8 1/2-1/2

[Event "Sparkassen-Open A"]
[Site "Heusenstamm, Martinsee"]
[Date "2021.11.19"]
[Round "3.32"]
[White "Schmidt, Markus"]
[Black "Poschadel, Andreas Gregor"]
[Result "1/2-1/2"]
[WhiteElo "2089"]
[BlackElo "1906"]
[PlyCount "100"]
[EventDate "2021.??.??"]
[WhiteTeam "SK Niederbrechen"]
[BlackTeam "Hamelner SV"]

1. c4 Nf6 2. Nf3 g6 3. Nc3 d5 4. cxd5 Nxd5 5. Qb3 Nb6 6. Ng5 e6 7. d3 Bg7 8. g3
Bd7 9. Bg2 Bc6 10. Nf3 N8d7 11. Be3 Ne5 12. Nh4 Bxg2 13. Nxg2 Nc6 14. Rc1 O-O
15. O-O Nd4 16. Bxd4 Bxd4 17. Nb5 c6 18. Nxd4 Qxd4 19. Ne3 Rab8 20. Qc3 Rfd8
21. Nc2 Qd6 22. Qa3 Ra8 23. Qxd6 Rxd6 24. Ne3 Rad8 25. Nc4 Nxc4 26. Rxc4 Rd5
27. Rb4 R8d7 28. Rc1 Rd4 29. Rcc4 Rxc4 30. Rxc4 h5 31. f4 Kf8 32. Kf2 Ke7 33.
Ke3 Rc7 34. b4 Rd7 35. Kd2 Rd5 36. e4 Rd8 37. Ke3 Rd7 38. Rc5 Kd6 39. Ra5 a6
40. Kd4 Kc7+ 41. Ke3 Kd6 42. Rc5 Ke7 43. a4 Kd6 44. a5 Ke7 45. Rc4 Rd8 46. Kd2
Rh8 47. h3 Kd6 48. Kc3 Rg8 49. Rc5 Ke7 50. Kd4 Kd6 1/2-1/2

[Event "Sparkassen-Open A"]
[Site "Heusenstamm, Martinsee"]
[Date "2021.11.19"]
[Round "3.33"]
[White "Ochs, Daniel Elias"]
[Black "Mährlein, Christoph"]
[Result "1-0"]
[WhiteElo "1966"]
[BlackElo "2061"]
[PlyCount "105"]
[EventDate "2021.??.??"]
[WhiteTeam "Wiesbadener SV"]
[BlackTeam "SC Pforzheim"]

1. d4 Nf6 2. Nf3 e6 3. c4 Bb4+ 4. Bd2 Qe7 5. g3 Nc6 6. Nc3 O-O 7. Bg2 Bxc3 8.
Bxc3 Ne4 9. Rc1 Nxc3 10. Rxc3 d6 11. O-O a5 12. d5 Nb8 13. dxe6 Qxe6 14. Nd4
Qf6 15. Qd2 c6 16. Rd1 Rd8 17. Rd3 Nd7 18. Nb3 Ne5 19. Rxd6 Rxd6 20. Qxd6 Qxd6
21. Rxd6 Kf8 22. Rd8+ Ke7 23. Rg8 Nxc4 24. Bh3 a4 25. Nc1 Nb6 26. Bxc8 Rxc8 27.
Rxg7 Rd8 28. Nd3 h5 29. Rg5 Rd5 30. Rxd5 Nxd5 31. e4 Nf6 32. f3 Nd7 33. Kf2 c5
34. b3 a3 35. Ke3 b5 36. h4 Kd6 37. g4 b4 38. gxh5 Nf8 39. f4 f6 40. h6 Kc6 41.
e5 Kd5 42. exf6 c4 43. Nxb4+ Kc5 44. Na6+ Kb6 45. bxc4 Kxa6 46. Kd4 Kb6 47. Kd5
Kc7 48. c5 Kd7 49. c6+ Kc7 50. f5 Kd8 51. Kd6 Nd7 52. c7+ Kc8 53. h7 1-0

[Event "Sparkassen-Open A"]
[Site "Heusenstamm, Martinsee"]
[Date "2021.11.19"]
[Round "3.34"]
[White "Buchholz, Maja"]
[Black "Scholzen, Wolfgang"]
[Result "1-0"]
[WhiteElo "1930"]
[BlackElo "2058"]
[PlyCount "71"]
[EventDate "2021.??.??"]
[WhiteTeam "SK Langen"]
[BlackTeam "SK Turm Euskirchen"]

1. c4 e6 2. g3 Nf6 3. Bg2 d5 4. Nf3 Bd6 5. O-O O-O 6. d4 c6 7. Nfd2 Nbd7 8. Nc3
Re8 9. e4 dxe4 10. Ndxe4 Nxe4 11. Nxe4 Be7 12. Bf4 Nf6 13. Nc3 Bd6 14. Be5 Qe7
15. Re1 Nd7 16. Bxd6 Qxd6 17. Ne4 Qe7 18. c5 Rd8 19. Nd6 Nf6 20. Qd2 Ne8 21.
Nc4 Nc7 22. a4 Qf6 23. Rad1 Nd5 24. Nd6 b6 25. b4 Bd7 26. Rb1 Rab8 27. Rb3 Be8
28. b5 bxc5 29. dxc5 cxb5 30. axb5 Nc7 31. Qa5 Qe7 32. Qxa7 Kf8 33. b6 Na8 34.
Qxe7+ Kxe7 35. Nxe8 Rxe8 36. Reb1 1-0

[Event "Sparkassen-Open A"]
[Site "Heusenstamm, Martinsee"]
[Date "2021.11.19"]
[Round "3.35"]
[White "Swoboda, Philipp"]
[Black "Oster, Klaus"]
[Result "1/2-1/2"]
[WhiteElo "1976"]
[BlackElo "1937"]
[PlyCount "56"]
[EventDate "2021.??.??"]
[WhiteTeam "SV Frankfurt Nord"]
[BlackTeam "SF Sailauf"]

1. d4 Nf6 2. c4 e6 3. Nc3 Bb4 4. f3 d5 5. a3 Bxc3+ 6. bxc3 c5 7. cxd5 Nxd5 8.
dxc5 Qa5 9. e4 Nf6 10. Qd4 Nc6 11. Qc4 e5 12. Bd2 a6 13. Qa2 Qxc5 14. Bd3 Be6
15. Qc2 Rd8 16. Ne2 Qd6 17. Nc1 Qc5 18. Ke2 O-O 19. Be3 Qe7 20. Rd1 Nd7 21. Nb3
Rc8 22. Kf1 Rc7 23. Qb2 Rfc8 24. Rac1 Bxb3 25. Qxb3 Nc5 26. Qa2 Nxd3 27. Rxd3
Nd8 28. Bb6 Rd7 1/2-1/2

[Event "Sparkassen-Open A"]
[Site "Heusenstamm, Martinsee"]
[Date "2021.11.19"]
[Round "3.36"]
[White "Rutsatz, Mario"]
[Black "Steudel, Max"]
[Result "1/2-1/2"]
[WhiteElo "1929"]
[BlackElo "2052"]
[PlyCount "88"]
[EventDate "2021.??.??"]
[WhiteTeam "SF Frankfurt"]
[BlackTeam "SC Brett vorm Kopp"]

1. c4 c6 2. d4 d5 3. cxd5 cxd5 4. Bf4 Nf6 5. Nc3 a6 6. e3 Nc6 7. Bd3 Bg4 8. f3
Bh5 9. g4 Bg6 10. Nge2 e6 11. h4 Bd6 12. h5 Bxd3 13. Qxd3 h6 14. Kf2 Bxf4 15.
Nxf4 Qd6 16. Qd2 O-O-O 17. Rac1 Kb8 18. Kg2 Rhe8 19. Rhd1 e5 20. dxe5 Rxe5 21.
e4 d4 22. Nce2 Nxe4 23. fxe4 Rxe4 24. Qd3 Re5 25. Qg3 Ka8 26. Qf2 Rg5 27. Kh3
f5 28. gxf5 Rxf5 29. Rd3 Rdf8 30. Rf1 Qd7 31. Kg2 Qe7 32. Rh1 Qe4+ 33. Qf3
Qxf3+ 34. Kxf3 Ne5+ 35. Ke4 Nxd3 36. Nxd3 Ra5 37. Nef4 Rxa2 38. Kxd4 Ra5 39.
Re1 Rf7 40. Re6 Rg5 41. Ke4 Kb8 42. Re8+ Ka7 43. Re6 a5 44. Rg6 Re7+ 1/2-1/2

[Event "Sparkassen-Open A"]
[Site "Heusenstamm, Martinsee"]
[Date "2021.11.19"]
[Round "3.37"]
[White "Speck, Stefan"]
[Black "Blübaum, Johanna"]
[Result "0-1"]
[WhiteElo "1928"]
[BlackElo "2046"]
[PlyCount "36"]
[EventDate "2021.??.??"]
[WhiteTeam "SG Solingen"]
[BlackTeam "SK Marburg"]

1. e4 e6 2. d4 d5 3. Nc3 Nf6 4. Bg5 Be7 5. e5 Nfd7 6. h4 h6 7. Qh5 a6 8. Bd3 c5
9. O-O-O cxd4 10. Nxd5 Bxg5+ 11. hxg5 Nxe5 12. g6 Qxd5 13. gxf7+ Nxf7 14. Qe2
Nc6 15. Rh5 Qxa2 16. Bc4 Qa1+ 17. Kd2 Qxb2 18. Bxe6 O-O 0-1

[Event "Sparkassen-Open A"]
[Site "Heusenstamm, Martinsee"]
[Date "2021.11.19"]
[Round "3.38"]
[White "Bahlo, Jens"]
[Black "Schmidbauer, Frank"]
[Result "0-1"]
[WhiteElo "1908"]
[BlackElo "2044"]
[PlyCount "56"]
[EventDate "2021.??.??"]
[WhiteTeam "SK Gießen"]
[BlackTeam "SV Wollishofen Zuerich"]

1. e4 d6 2. d3 Nf6 3. f4 e5 4. Nf3 c6 5. Be2 Be7 6. O-O O-O 7. fxe5 dxe5 8. Be3
Ng4 9. Qd2 Nxe3 10. Qxe3 Nd7 11. c3 Qb6 12. Qxb6 axb6 13. d4 b5 14. Nbd2 Re8
15. a3 Bd6 16. Bd1 Nf6 17. Bc2 h6 18. Rae1 Bd7 19. c4 exd4 20. e5 Bc5 21. Nb3
Ba7 22. Bd3 bxc4 23. Bxc4 Ng4 24. Nbxd4 Nxe5 25. Rxe5 Rxe5 26. Bxf7+ Kh8 27. h3
Rf5 28. Bg6 Rxf3 0-1

[Event "Sparkassen-Open A"]
[Site "Heusenstamm, Martinsee"]
[Date "2021.11.19"]
[Round "3.39"]
[White "Minor, Viatcheslav"]
[Black "Stumpf, Daniel"]
[Result "0-1"]
[WhiteElo "2041"]
[BlackElo "1931"]
[PlyCount "96"]
[EventDate "2021.??.??"]
[WhiteTeam "SV Eisenach"]
[BlackTeam "SW Lichtenrade"]

1. e4 c5 2. d3 Nc6 3. Nf3 g6 4. g3 Bg7 5. Bg2 e6 6. O-O Nge7 7. c3 d5 8. Nbd2
O-O 9. Re1 b6 10. Qe2 Bb7 11. e5 d4 12. c4 Nb4 13. Nf1 h5 14. Bf4 a6 15. h3 b5
16. b3 Rb8 17. g4 hxg4 18. hxg4 Qc7 19. Qd2 Bxf3 20. Bxf3 Nbc6 21. Qe2 bxc4 22.
bxc4 Rb6 23. Nh2 Rfb8 24. Bxc6 Rb2 25. Qf3 Nxc6 26. Qg3 Nb4 27. Rad1 Nxa2 28.
Qf3 Nc3 29. Ra1 a5 30. g5 a4 31. Ng4 Kf8 32. Nf6 Qb7 33. Qg4 Ke7 34. Bc1 Rh8
35. Ne4 Nxe4 36. Rxe4 Rb1 37. Rxb1 Qxb1 38. Re1 Qxd3 39. Qg2 Rd8 40. Qc6 Qxc4
41. Ba3 Kf8 42. Qc7 Qd5 43. Bxc5+ Kg8 44. Be7 Ra8 45. Bf6 a3 46. Qc1 a2 47. Qa1
d3 48. Rd1 Ra4 0-1

[Event "Sparkassen-Open A"]
[Site "Heusenstamm, Martinsee"]
[Date "2021.11.19"]
[Round "3.40"]
[White "Mehlen, Theodor"]
[Black "Von Auer, Ulrich"]
[Result "1/2-1/2"]
[WhiteElo "1861"]
[BlackElo "2033"]
[PlyCount "60"]
[EventDate "2021.??.??"]
[WhiteTeam "SC Matt im Park"]
[BlackTeam "SF Frankfurt"]

1. e4 e6 2. d4 d5 3. Nc3 Nf6 4. exd5 exd5 5. Bd3 c5 6. Qe2+ Be7 7. dxc5 O-O 8.
Nf3 Bg4 9. h3 Bh5 10. g4 Bg6 11. Be3 Nc6 12. Bxg6 hxg6 13. O-O-O Qa5 14. Qb5
Qxb5 15. Nxb5 Rfd8 16. Kb1 Ne4 17. Nc7 Rac8 18. Nxd5 Bxc5 19. Bxc5 Nxc5 20. Nc3
f6 21. Kc1 Kf7 22. a3 g5 23. h4 gxh4 24. Rxh4 Rxd1+ 25. Kxd1 Rd8+ 26. Ke2 Ne6
27. g5 Ncd4+ 28. Nxd4 Nxd4+ 29. Kf1 fxg5 30. Rg4 Ne6 1/2-1/2

[Event "Sparkassen-Open A"]
[Site "Heusenstamm, Martinsee"]
[Date "2021.11.19"]
[Round "3.41"]
[White "Rose, Daniel"]
[Black "Waffenschmidt, Joachim"]
[Result "1-0"]
[WhiteElo "1842"]
[BlackElo "2026"]
[PlyCount "71"]
[EventDate "2021.??.??"]
[WhiteTeam "Königsjäger Süd-West"]
[BlackTeam "SV Hofheim"]

1. d4 d5 2. c4 c6 3. cxd5 cxd5 4. Nc3 Nf6 5. Bf4 Nc6 6. e3 Bg4 7. f3 Bd7 8. Bd3
e6 9. Nge2 Nh5 10. O-O Nxf4 11. Nxf4 Bd6 12. Nfe2 Rc8 13. a3 Na5 14. e4 dxe4
15. Nxe4 Bb8 16. Rc1 Rxc1 17. Qxc1 O-O 18. b4 Nc6 19. Qc2 Bc8 20. Qc3 Ne7 21.
Bc4 h5 22. Rd1 Nd5 23. Qb3 h4 24. g3 Kh8 25. Kf2 Qe7 26. Bxd5 exd5 27. Qxd5 f5
28. Qc5 Qd8 29. N4c3 Re8 30. Qc4 Qf6 31. d5 f4 32. g4 Re3 33. Qxc8+ Kh7 34.
Qxb8 Rxc3 35. Nxc3 Qxc3 36. Qxf4 1-0

[Event "Sparkassen-Open A"]
[Site "Heusenstamm, Martinsee"]
[Date "2021.11.19"]
[Round "3.42"]
[White "Bashylina, Luisa"]
[Black "Makilla, Tobias"]
[Result "1/2-1/2"]
[WhiteElo "1916"]
[BlackElo "1924"]
[PlyCount "37"]
[EventDate "2021.??.??"]
[WhiteTeam "SG Solingen"]
[BlackTeam "SC Hattersheim"]

1. d4 g6 2. c4 Bg7 3. h4 h5 4. e4 d6 5. Nc3 Nc6 6. Be3 e5 7. d5 Nce7 8. Be2 f5
9. exf5 Nxf5 10. Bg5 Bf6 11. Ne4 Bxg5 12. hxg5 Nd4 13. Bd3 Bf5 14. Ne2 Bxe4 15.
Bxe4 Qxg5 16. Nxd4 exd4 17. Qd2 Qxd2+ 18. Kxd2 Kf7 19. Kd3 1/2-1/2

[Event "Sparkassen-Open A"]
[Site "Heusenstamm, Martinsee"]
[Date "2021.11.19"]
[Round "3.43"]
[White "Armbrust, Matthias"]
[Black "Junker, Christian"]
[Result "0-1"]
[WhiteElo "1833"]
[BlackElo "2019"]
[PlyCount "80"]
[EventDate "2021.??.??"]
[WhiteTeam "TSG Bretzenheim"]
[BlackTeam "SV Neu-Isenburg"]

1. e4 e5 2. Nf3 Nf6 3. Bc4 Nxe4 4. Nc3 Nxc3 5. dxc3 f6 6. Nh4 g6 7. f4 Qe7 8.
f5 g5 9. Qh5+ Kd8 10. Nf3 h6 11. Be3 c6 12. Bf7 d5 13. Bg6 Bg7 14. O-O Nd7 15.
Qg4 b6 16. Rad1 Bb7 17. Rfe1 Qd6 18. c4 h5 19. Bxh5 Kc7 20. h3 Rad8 21. cxd5
cxd5 22. Bf2 Qc6 23. Bf7 Nc5 24. c4 dxc4 25. Bxc4 Kb8 26. Bxc5 Qxc5+ 27. Kh2 e4
28. Nd2 Rxd2 29. Rxd2 Qxc4 30. Rd7 Bh6 31. Red1 Rc8 32. Qg3+ Ka8 33. Rh7 Bf8
34. Rdd7 Rb8 35. Rhf7 Bc5 36. Qe1 e3 37. Rxf6 Qe4 38. Qg3 e2 39. Re6 Qxf5 40.
Rxe2 Qxd7 0-1

[Event "Sparkassen-Open A"]
[Site "Heusenstamm, Martinsee"]
[Date "2021.11.19"]
[Round "3.44"]
[White "Küpper, Martin"]
[Black "Hoppstädter, Daniel"]
[Result "1-0"]
[WhiteElo "2013"]
[BlackElo "1760"]
[PlyCount "77"]
[EventDate "2021.??.??"]
[WhiteTeam "SC Fulda"]
[BlackTeam "SC Illingen"]

1. Nf3 Nf6 2. c4 g6 3. d4 Bg7 4. e3 c5 5. d5 e6 6. Nc3 exd5 7. cxd5 O-O 8. Be2
d6 9. O-O Re8 10. Nd2 Nbd7 11. Qc2 Nb6 12. Bf3 Rb8 13. a4 Na8 14. Nc4 Nc7 15.
h3 b6 16. e4 a6 17. Bf4 Bf8 18. e5 dxe5 19. Nxe5 Bb7 20. Nc6 Bxc6 21. dxc6 Rc8
22. Rad1 Qe7 23. Rfe1 Qxe1+ 24. Rxe1 Rxe1+ 25. Kh2 Ne6 26. Qd2 Ra1 27. Be5 Bg7
28. c7 Ng4+ 29. Bxg4 Bxe5+ 30. f4 Bd4 31. Nd5 Kf8 32. Qe2 h5 33. Bxe6 h4 34. g3
hxg3+ 35. Kxg3 Rg1+ 36. Kh2 fxe6 37. Qxe6 Rxc7 38. Nxc7 Rb1 39. Qe8+ 1-0

[Event "Sparkassen-Open A"]
[Site "Heusenstamm, Martinsee"]
[Date "2021.11.19"]
[Round "3.45"]
[White "Plaumann, Arvin"]
[Black "Foerster-Yialamas, Lucas"]
[Result "0-1"]
[WhiteElo "1613"]
[BlackElo "2002"]
[PlyCount "104"]
[EventDate "2021.??.??"]
[WhiteTeam "SF Heidesheim"]
[BlackTeam "Frankfurter TV"]

1. d4 Nf6 2. g3 g6 3. Bg2 d5 4. Nf3 Bg7 5. c4 c6 6. cxd5 cxd5 7. O-O O-O 8. Nc3
Nc6 9. Bf4 Nh5 10. e3 Nxf4 11. gxf4 b6 12. Ne5 Nxe5 13. Bxd5 Bg4 14. f3 Bxf3
15. Bxf3 Nxf3+ 16. Qxf3 Rc8 17. Rac1 Qd7 18. Qd5 Qg4+ 19. Qg2 Qe6 20. Qe4 Qd6
21. a3 e6 22. Rc2 Qc6 23. Qxc6 Rxc6 24. Rcc1 Rfc8 25. Ne2 Rc2 26. Kf2 Bf6 27.
b4 Be7 28. Rxc2 Rxc2 29. Rc1 Ra2 30. Rc7 Bh4+ 31. Kf3 Rxa3 32. Nc3 f5 33. Rc8+
Kg7 34. Rc7+ Kh6 35. Rc6 Rb3 36. Ne2 Rxb4 37. Rxe6 Rb2 38. d5 Rd2 39. d6 Kg7
40. e4 fxe4+ 41. Ke3 Kf7 42. Kxd2 Kxe6 43. Nd4+ Kxd6 44. Nb5+ Kd5 45. Nxa7 Bf2
46. Nb5 Bd4 47. Nc7+ Kc4 48. h4 b5 49. Ne6 b4 50. h5 b3 51. f5 e3+ 52. Ke2 gxf5
0-1

[Event "Sparkassen-Open A"]
[Site "Heusenstamm, Martinsee"]
[Date "2021.11.19"]
[Round "3.46"]
[White "Ohler, Julius"]
[Black "Stock, Jürgen"]
[Result "1-0"]
[WhiteElo "2006"]
[BlackElo "1874"]
[PlyCount "43"]
[EventDate "2021.??.??"]
[WhiteTeam "SC ML Kastellaun"]
[BlackTeam "SC Steinbach"]

1. d4 e6 2. c4 f5 3. Nc3 d5 4. cxd5 exd5 5. g3 c6 6. Bg2 Bd6 7. Nf3 Nf6 8. O-O
O-O 9. Bg5 Qe8 10. Bxf6 Rxf6 11. e3 Nd7 12. Qd3 Nf8 13. a3 a5 14. Rac1 Rh6 15.
Ne2 Qe7 16. h4 Bd7 17. Nf4 Ng6 18. Rfe1 Nh8 19. Qb3 b5 20. Nxd5 Qf7 21. Ng5 a4
22. Qa2 1-0

[Event "Sparkassen-Open A"]
[Site "Heusenstamm, Martinsee"]
[Date "2021.11.19"]
[Round "3.47"]
[White "Woestmann, Ulrich"]
[Black "Scholz, Michael"]
[Result "1-0"]
[WhiteElo "2000"]
[BlackElo "1798"]
[PlyCount "245"]
[EventDate "2021.??.??"]
[WhiteTeam "SV Ahlen"]
[BlackTeam "SK Mömbris"]

1. e4 d6 2. d4 g6 3. Be3 Bg7 4. Nc3 Nd7 5. Nf3 Ngf6 6. h3 O-O 7. Qd2 e5 8.
O-O-O exd4 9. Bxd4 Ne8 10. Bxg7 Kxg7 11. h4 f6 12. h5 g5 13. h6+ Kh8 14. Nd4
Nc5 15. f4 Bg4 16. Be2 Bxe2 17. Qxe2 Qe7 18. Rhf1 gxf4 19. Rxf4 Ne6 20. Nxe6
Qxe6 21. Rdf1 c6 22. Qf3 Rd8 23. g4 Rg8 24. Rf5 d5 25. exd5 cxd5 26. Nxd5 Rd6
27. b3 Rc6 28. g5 fxg5 29. c4 Qxh6 30. Qc3+ Qg7 31. Qxg7+ Nxg7 32. Rxg5 Rc5 33.
Rh1 Rf8 34. Nf6 Rxf6 35. Rxc5 Ne6 36. Rch5 Nf8 37. Re5 Rf7 38. Re8 Kg7 39. Ra8
a6 40. Kb2 Ng6 41. Ka3 Ne7 42. Rg1+ Kf6 43. Rf1+ Nf5 44. Rd8 h5 45. Kb4 h4 46.
Kc5 Kg5 47. Rg8+ Kh5 48. a4 Rf6 49. Rfg1 b6+ 50. Kb4 h3 51. R8g5+ Kh6 52. R5g3
a5+ 53. Kc3 Nxg3 54. Rxg3 h2 55. Rh3+ Kg5 56. Rxh2 Rf3+ 57. Kb2 Rf6 58. Rd2 Re6
59. Rf2 Kg4 60. Kc2 Rc6 61. Kc3 Rh6 62. Kd4 Rd6+ 63. Ke4 Re6+ 64. Kd5 Re3 65.
Rb2 Kf5 66. Kc6 Re6+ 67. Kb5 Rh6 68. Re2 Rh3 69. Rb2 Rh6 70. c5 bxc5 71. Kxc5
Ra6 72. Re2 Ra8 73. Re3 Kf4 74. Re6 Kf5 75. Rb6 Ke5 76. Kc6 Kd4 77. Kb7 Rf8 78.
Rc6 Rf3 79. Rb6 Rf8 80. b4 axb4 81. Rxb4+ Kc5 82. Rb5+ Kd6 83. a5 Rf7+ 84. Kb6
Rf8 85. Rh5 Rf2 86. Rh6+ Kd7 87. Kb7 Rb2+ 88. Rb6 Rc2 89. Rh6 Rb2+ 90. Ka7 Kc7
91. a6 Rb1 92. Rh7+ Kc8 93. Rb7 Ra1 94. Rb5 Kc7 95. Rb2 Kc8 96. Rb4 Ra2 97.
Rc4+ Kd7 98. Rb4 Kc7 99. Rb5 Ra1 100. Rc5+ Kd6 101. Rc2 Rb1 102. Ka8 Kd7 103.
Rh2 Kc7 104. Rh7+ Kc8 105. Ka7 Rb2 106. Rb7 Ra2 107. Rb4 Kc7 108. Rc4+ Kd7 109.
Kb7 Rb2+ 110. Ka8 Rb1 111. a7 Rb2 112. Rh4 Kc7 113. Rh7+ Kc8 114. Rh8+ Kc7 115.
Rb8 Ra2 116. Rb3 Kc8 117. Rc3+ Kd7 118. Rb3 Kc8 119. Rb5 Ra1 120. Rc5+ Kd7 121.
Kb7 Rb1+ 122. Ka6 Kd6 123. Ra5 1-0